00431nam a22001217a 4500999001500000008004100015100003600056245009500092260005500187300001500242650003700257942001500294 c7064d7064200416b ||||| |||| 00| 0 eng d aThe United Republic of Tanzania aTanzania Statistical Master Plan 2009/10-2013/14cThe United Republic of TanzaniahEnglish aDar Es SalaambNational Bureau of Statisticsc2010 a79p.c29cm 2Tanzania Statistical Master Plan 2ddccBOOKS